000 00500nam a2200193Ia 4500
005 20250326141826.0
008 250326s9999 xx 000 0 und d
037 _aTextbook
040 _aFMSL
_beng
_cFMSL
041 _aeng
_2eng
084 _qFMSL
100 _aHersey P
245 0 _aManagement of organizational
_cHersey P; Blanchard K
250 _a4th
260 _aNew Delhi
_bNew Delhi, Prentice-Hall of India
_c1982
300 _a361p
942 _cTB
999 _c1292161
_d1292161